Diseño arquitectónico de la Estación Experimental de Laboratorios Inter – disciplinarios para el estudio ambiental de las zonas semi – áridas en Bagaces de Guanacaste
Tallennettuna:
| Päätekijä: | |
|---|---|
| Muut tekijät: | |
| Aineistotyyppi: | Kirja |
| Kieli: | Undetermined |
| Julkaistu: |
San José, Costa Rica
2020
|
| Aiheet: |
DISEÑO ARQUITECTONICO - BAGACES (GUANACASTE, COSTA RICA)
> DESARROLLO SOSTENIBLE - BAGACES(GUANACASTE, COSTA RICA)
> DISEÑO ARQUITECTONICO - ASPECTOS AMBIENTALES
> CAMBIOS CLIMATICOS - COSTA RICA
> ARQUITECTURA SOSTENIBLE - DISEÑOS Y PLANOS - BAGACES (GUANACASTE, COSTA RICA)
> ARQUITECTURA Y CLIMA - COSTA RICA
> ARQUITECTURA TROPICAL - DISEÑOS Y PLANOS - BAGACES (GUANACASTE, COSTA RICA)
|
| Tagit: |
Lisää tagi
Ei tageja, Lisää ensimmäinen tagi!
|
MARC
| LEADER | 00000nam a2200000Ia 4500 | ||
|---|---|---|---|
| 003 | 013471 | ||
| 005 | 20230330142127.0 | ||
| 008 | 140116s9999 xx 000 0 und d | ||
| 040 | |c cru CEDI | ||
| 100 | |a Mora Mora, Alexander,1989- |9 266 | ||
| 245 | |a Diseño arquitectónico de la Estación Experimental de Laboratorios Inter – disciplinarios para el estudio ambiental de las zonas semi – áridas en Bagaces de Guanacaste | ||
| 260 | |a San José, Costa Rica |c 2020 | ||
| 500 | |a Proyecto de graduación (licenciatura en arquitectura)--Universidad de Costa Rica. Facultad de Ingeniería. Escuela de Arquitectura | ||
| 501 | |a Director de Proyecto de Graduación: Lic. Omar Chavarría Abarca, Arq. | ||
| 650 | |x DISEÑO ARQUITECTONICO - BAGACES (GUANACASTE, COSTA RICA) |x DESARROLLO SOSTENIBLE - BAGACES(GUANACASTE, COSTA RICA) |x DISEÑO ARQUITECTONICO - ASPECTOS AMBIENTALES |x CAMBIOS CLIMATICOS - COSTA RICA |x ARQUITECTURA SOSTENIBLE - DISEÑOS Y PLANOS - BAGACES (GUANACASTE, COSTA RICA) |x ARQUITECTURA Y CLIMA - COSTA RICA |x ARQUITECTURA TROPICAL - DISEÑOS Y PLANOS - BAGACES (GUANACASTE, COSTA RICA) | ||
| 700 | |9 228 |a Chavarría Abarca, Omar Eliecer, 1969- | ||
| 942 | |c CEDI |h TFG 8622 |6 TFG_8622_000000000000000 | ||
| 999 | |c 21973 |d 21973 | ||
